|
|
|
|
| LEADER |
00000nkmaa2200000 a 4500 |
| 001 |
vtls011721607 |
| 003 |
SK-MaSNL |
| 005 |
20260331210421.0 |
| 007 |
kh bo |
| 008 |
230802n xo | ||00 k|slo |
| 035 |
|
|
|a 10D9E046-CF3B-4CE4-BB3B-C63819B6A338
|
| 035 |
|
|
|a urn:nbn:sk:snk-km43iod
|
| 035 |
|
|
|a urn:nbn:sk:snk-km00e5h7
|
| 040 |
|
|
|a SNKLA
|b slo
|c SNKLA
|e AACR2
|
| 041 |
0 |
|
|a slo
|
| 044 |
|
|
|a xo
|c SK
|
| 100 |
1 |
|
|a Lašut, Filip,
|d 1945-2012
|4 pht
|9 151668
|
| 245 |
1 |
0 |
|a [Pamätná tabuľa Jána Hollého na Dobrej Vode]
|h grafika
|
| 260 |
|
|
|a [S.l.
|b s.n.
|c s.a.]
|
| 300 |
|
|
|a 1 fotografia
|b čb
|c 13 x 18 cm
|
| 520 |
2 |
|
|a Zobrazenie: Pamätná tabuľa na fare na Dobrej Vode, kde žil a zomrel Ján Hollý.
|
| 600 |
1 |
7 |
|a Hollý, Ján,
|d 1785-1849
|2 SNKMA
|9 16461
|
| 650 |
0 |
7 |
|a pamätné tabule
|2 SNKPH
|9 29445
|
| 651 |
|
7 |
|a Dobrá Voda (Slovensko)
|2 SNKPH
|9 100197
|
| 655 |
|
7 |
|a fotografie
|2 SNKPH
|9 70713
|
| 852 |
|
|
|a Slovenská národná knižnica
|b Literárny archív
|
| 852 |
7 |
|
|a Slovenská národná knižnica
|b Literárny archív
|
| 958 |
|
|
|a ZO
|
| 958 |
|
|
|a BLA
|
| 999 |
|
|
|c 1196949
|d 1198879
|
| 952 |
|
|
|a SNKLA
|b SNKLA
|c SNKLA_DEP
|y NEVYP
|7 0
|p 17A1226464
|o snkK 2/82
|i snkLA 5514/1984
|0 0
|1 0
|4 0
|d 2017-11-21
|f 1
|l 0
|r 2026-02-24 22:29:58
|w 2026-02-24
|